000 00603ntaaa2200205 4500
003 01
005 20251027202539.0
008 0714s1973 ag 01
040 _aAR-BaBN
_bspa
_cAR-BaBN
_eaacr
_dRIC
082 _a301.1540 M28
100 _aMailick, Sidney
_924495
245 _aLa conducta administrativa
250 _a1 ed.
260 _aBuenos Aires :
_bEditorial Hobbs-Sudamericana,
_cc1966
300 _a250 p
500 _aConceptos y problemas relacionados con la preparación de líderes administrativos.
650 _aLiderazgo
_91127
700 _aVan Ness, Edward H.
_924496
942 _cBK
999 _c20514
_d20514